000 00237nam a2200085Ia 4500
245 0 _aLanguage, power and society
100 _a Moto, Francis P. B. Pretoria, 2009
_985659
942 _cBK
008 210817s9999 xx 000 0 und d
999 _c321100
_d321099